| 000 | 00704nam a2200181 a 4500 | ||
|---|---|---|---|
| 003 | 0 | ||
| 005 | 20250423081854.0 | ||
| 008 | 060724s19uu xx 00 eng d | ||
| 050 |
_aPHS LB 1050.5 _b.A84 2006 |
||
| 100 | _aAtendido, Bobbie Nathaniel A. | ||
| 245 |
_aPerceptions of upper school students on the importance of reading and reading strategies / _cBobbie Nathaniel A. Atendido. |
||
| 260 |
_aLas PiƱas City, Philippines : _bSouthville International School and Colleges, _c2006. |
||
| 300 |
_a32 pages : _billustrations ; _c28 cm. |
||
| 504 | _aIncludes bibliographical references. | ||
| 650 |
_aReading _xPsychological aspects. |
||
| 650 |
_aReading strategies _xPerception. |
||
| 942 |
_2lcc _cPASS |
||
| 999 |
_c97571 _d97571 |
||